000 00925nam0a22002651 4500
001 RU\NLR\INFOCOMM_190\5000033098
005 20260407123755.0
035 _a(NLR Aleph) 009114921
090 _a8183713
_c8183713
100 _a20090211d1971 |||y0rusy50 ca
101 0 _aeng
102 _aRU
105 _ay ||||000|y
200 1 _aAdress by Professor Étienne Bernard, General secretary of the International union against tuberculosis
_fXXIst International tuberculosis conference, Moscow, July, 1971
210 _a[Μ.
_d[1971]
215 _a6 с.
_d29 см
300 _aБез тит. л. и обл.
686 _aP54, О
_2rubbk
700 1 _aBernard
_bÉ.
_f1893-
_gÉtienne
_4070
712 1 2 _4000
_8eng
_aInternational tuberculosis conference
_d21
_f1971
_eMoscow
_7ba
_3RU\NLR\AUTH\8810073251
_9648568
801 1 _aRU
_bNLR
_c20090211
801 0 _aRU
_bNLR
_gPSBO
852 _aNLR
_jМд31 Д-8/11
942 _cBOOK
980 _aNB